[Event "GRE-ch U16"]
[Site "Peristeri"]
[Date "2023.07.09"]
[Round "9"]
[White "Farsaris, Michail"]
[Black "Karanasios, Dimosthenis"]
[Result "1/2-1/2"]
[WhiteElo "1591"]
[BlackElo "1256"]
[PlyCount "93"]
[EventDate "2023.07.03"]
[EventType "swiss"]
[EventRounds "9"]
[EventCountry "GRE"]
[SourceTitle "EXT 2024"]
[Source "ChessBase"]
[SourceDate "2023.10.10"]
[SourceVersion "1"]
[SourceVersionDate "2023.10.10"]
[SourceQuality "1"]

1. e4 c6 2. d4 d5 3. exd5 cxd5 4. Nf3 Nc6 5. Be2 Nf6 6. 0-0 Bg4 7. Bf4 Bxf3 8. Bxf3 Qb6 9. Nc3 e6 10. Ne2 Be7 11. b3 0-0 12. c3 Rfd8 13. Qd2 Rac8 14. Rfd1 Qa6 15. Nc1 b5 16. Nd3 Qb6 17. b4 Ne8 18. Nc5 a5 19. a3 Nd6 20. Bxd6 Bxd6 21. Bg4 Bxc5 22. bxc5 Qc7 23. Rab1 Rb8 24. Be2 Na7 25. Rb3 Rb7 26. Rdb1 Rdb8 27. Qb2 Qc6 28. Qc1 Qc7 29. f4 g6 30. R1b2 a4 31. Rb4 Qa5 32. Qb1 Qc7 33. g3 Qd7 34. Bd1 Qc7 35. Bxa4 Qa5 36. Kg2 h5 37. c6 Rc7 38. Bxb5 Rxb5 39. Rxb5 Nxb5 40. Rxb5 Qxc3 41. Qb4 Qc2+ 42. Kf3 Qe4+ 43. Kf2 Qc2+ 44. Ke1 Qe4+ 45. Kf2 Qc2+ 46. Kf1 Qd1+ 47. Kf2 1/2-1/2

[Event "EU-ch Cities&Town op"]
[Site "Tornelo INT"]
[Date "2023.01.29"]
[Round "?"]
[White "Karanasios, Dimosthenis"]
[Black "Ozveren, Ali Bulent"]
[Result "0-1"]
[WhiteElo "1240"]
[BlackElo "1718"]
[PlyCount "50"]
[EventDate "2023.01.29"]
[EventType "team-swiss"]
[EventRounds "9"]
[EventCountry "NET"]
[SourceTitle "CBM 212 Extra"]
[Source "ChessBase"]
[SourceDate "2023.03.31"]
[SourceVersion "1"]
[SourceVersionDate "2023.03.31"]
[SourceQuality "1"]
[WhiteTeam "Trikala"]
[BlackTeam "Istanbul Seniors"]
[WhiteTeamCountry "GRE"]
[BlackTeamCountry "TUR"]

1. d4 d5 2. c4 e6 3. Nc3 Be7 4. Nf3 Nf6 5. Bg5 0-0 6. e3 Ne4 7. Bxe7 Qxe7 8. Qc2 Nxc3 9. Qxc3 c6 10. cxd5 exd5 11. Be2 Bf5 12. 0-0 Nd7 13. b4 a6 14. Nd2 Rfc8 15. Bf3 Nf6 16. Rac1 Ne4 17. Nxe4 Bxe4 18. Bxe4 Qxe4 19. a4 f5 20. b5 axb5 21. axb5 f4 22. Rfe1 f3 23. bxc6 Qg4 24. g3 Qh3 25. cxb7 Qg2# 0-1

[Event "GRE-chT Online Rapid op 1st"]
[Site "Tornelo INT"]
[Date "2021.02.20"]
[Round "1.24"]
[White "Boviatsis, Charalampos"]
[Black "Karanasios, Dimosthenis"]
[Result "0-1"]
[WhiteElo "1981"]
[BlackElo "1051"]
[PlyCount "78"]
[EventDate "2021.02.20"]
[EventType "team-swiss (rapid)"]
[EventRounds "9"]
[EventCountry "GRE"]
[SourceTitle "EXT 2023"]
[Source "ChessBase"]
[SourceDate "2022.10.05"]
[SourceVersion "1"]
[SourceVersionDate "2022.10.05"]
[SourceQuality "1"]

1. c4 Nf6 2. g3 c6 3. Bg2 d5 4. Qc2 g6 5. f4 Bg7 6. Nf3 Bf5 7. d3 0-0 8. 0-0 Nbd7 9. h3 h5 10. Na3 dxc4 11. Nxc4 Be6 12. Ng5 Bxc4 13. dxc4 Rc8 14. f5 Ne5 15. Be3 a5 16. Rad1 Qc7 17. fxg6 Nxg6 18. Rf3 b5 19. Ne6 fxe6 20. Qxg6 Rf7 21. Rdf1 e5 22. g4 e4 23. Rf5 hxg4 24. Bf4 Qd8 25. hxg4 e6 26. Rg5 Nh7 27. Rh5 Nf6 28. Be5 Qe7 29. Bxf6 Rxf6 30. Qh7+ Kf7 31. g5 Rxf1+ 32. Kxf1 Rh8 33. g6+ Ke8 34. Qxh8+ Bxh8 35. Rxh8+ Kd7 36. Rh7 Ke8 37. Rxe7+ Kxe7 38. Bxe4 b4 39. Kf2 c5 0-1

[Event "GRE-ch Online Blitz op 1st"]
[Site "Tornelo INT"]
[Date "2021.02.07"]
[Round "12"]
[White "Karanasios, Dimosthenis"]
[Black "Diamantis, Angelos"]
[Result "1-0"]
[WhiteElo "1329"]
[BlackElo "1128"]
[PlyCount "79"]
[EventDate "2021.02.07"]
[EventType "swiss (blitz)"]
[EventRounds "16"]
[EventCountry "GRE"]
[SourceTitle "EXT 2023"]
[Source "ChessBase"]
[SourceDate "2022.10.05"]
[SourceVersion "1"]
[SourceVersionDate "2022.10.05"]
[SourceQuality "1"]

1. e4 e5 2. Nf3 Nc6 3. d4 exd4 4. Nxd4 Qf6 5. Nb5 Bc5 6. f3 Bb6 7. N1c3 a6 8. Nd5 Qd8 9. Nxb6 cxb6 10. Nd6+ Kf8 11. Bc4 Ne5 12. Bb3 a5 13. a4 Qe7 14. f4 Ng4 15. e5 N4h6 16. Qd5 Nf6 17. Qf3 Ne8 18. Nxc8 Rxc8 19. Qxb7 Rc6 20. 0-0 Nc7 21. Qc8+ Ne8 22. Kh1 Rxc8 23. c3 Nc7 24. Bd2 Ne6 25. f5 Nc5 26. Bc2 f6 27. exf6 Qxf6 28. b4 axb4 29. cxb4 Nb7 30. Bb3 g6 31. fxg6 Qxf1+ 32. Rxf1+ Kg7 33. gxh7 Kxh7 34. h3 Rhf8 35. Re1 Nd6 36. Re7+ Rf7 37. Bxf7 Nhxf7 38. Rxd7 Ra8 39. Bf4 Rxa4 40. Bxd6 1-0

[Event "GRE-ch Online Rapid op 1st"]
[Site "Tornelo INT"]
[Date "2021.02.06"]
[Round "5"]
[White "Karanasios, Dimosthenis"]
[Black "Vagiakos, Fotios"]
[Result "1-0"]
[WhiteElo "1049"]
[BlackElo "1242"]
[PlyCount "67"]
[EventDate "2021.02.06"]
[EventType "swiss (rapid)"]
[EventRounds "8"]
[EventCountry "GRE"]
[SourceTitle "EXT 2023"]
[Source "ChessBase"]
[SourceDate "2022.10.05"]
[SourceVersion "1"]
[SourceVersionDate "2022.10.05"]
[SourceQuality "1"]

1. e4 c5 2. Nf3 a6 3. d4 cxd4 4. Nxd4 e5 5. Nb3 Nf6 6. Nc3 Bb4 7. Bd2 Nc6 8. f3 0-0 9. Bc4 b5 10. Bd5 Nxd5 11. Nxd5 Bxd2+ 12. Qxd2 Bb7 13. 0-0-0 a5 14. Nc5 Rb8 15. Nc3 b4 16. N3a4 Nd4 17. Nb3 Nxb3+ 18. axb3 d5 19. exd5 Qd6 20. c4 bxc3 21. bxc3 Qa3+ 22. Qb2 Qd6 23. c4 Rbc8 24. Rhe1 f6 25. Nc3 Qc5 26. Ne4 Qe7 27. d6 Qd7 28. Qc3 Bxe4 29. Rxe4 Ra8 30. f4 exf4 31. Re7 Qd8 32. Qf3 a4 33. Qg4 axb3 34. Qxg7# 1-0